00000000nas##2200000za#4500
0019.509889
003CaOODSP
00520210305164232
007ta
008150406c1993||||xxc|| p #||||f|   |0fre|d
040 |aCaOODSP|bfre
041 |aeng
041 |afre
043 |an-cn---
0861 |aXC1-343/301
1101 |aCanada.|bChambre des communes. |bComité législatif sur le projet de loi C-301.
24510|aComité législatif sur le projet de loi C-301, Loi modifiant la Loi sur la gestion des finances publiques (renseignements financiers), Procès-verbaux et témoignages / |cPrésident: M. Don Blenkarn.
260 |bChambre des communes.
310 |aIrrégulier
3621 |a3e session, 34e législature, 40-42 Élizabeth II, 1991-1993
546 |aBilingue
791 |tLegislative Committee on Bill C-301, An Act to amend the Financial Adminstration Act (financial information), minutes of proceedings and evidence / |eeng|w(CaOODSP)9.509888